| 000 | 01165nam a2200277 a 4500 | ||
|---|---|---|---|
| 001 | BRCA_4359 | ||
| 005 | 20190320204636.0 | ||
| 008 | 150710s1826----mx-#######---#000-0#spa-# | ||
| 041 | _aspa | ||
| 044 | _amx | ||
| 050 | 4 |
_aF1230.C6 _b.L67 1 _c1826 |
|
| 100 | 1 |
_aLopez de Gomára, Francisco _d1511-1566 (?) _911120 |
|
| 245 | 1 | 0 |
_aHistoria de las conquistas de Hernando Cortés _cescrita en español por Francisco Lopez de Gomára ; traducida al mexicano y aprobada por verdadera por Juan Bautista de San Anton Muñon Chimalpain Quauhtlehuanitzin ; publicada con varias notas y adiciones Carlos María de Bustamante. |
| 260 |
_aMéxico _bOntiveros _c1826 |
||
| 300 |
_axiii, 308 p. (v.1) _c20 cm. |
||
| 500 | _aIncluye índice de la historia de las conquistas de Hernando Cortés | ||
| 500 | _aVer también DD51 (v.2) | ||
| 500 | _aB99 | ||
| 600 | 1 | 4 |
_aCortés, Hernando _d1485-1547 _911121 |
| 650 | 1 | 4 |
_aGuerra Mixton _911122 |
| 651 | 4 |
_aMéxico _xHistoria _zConquista, 1519-1540 _911123 |
|
| 700 | 1 |
_aChimalpain Quauhtlehuanitzin, Juan Bautista de San Anton Muñon _911124 |
|
| 700 | 1 |
_aBustamante, Carlos María de _911125 |
|
| 902 | _aGFM | ||
| 942 |
_2lcc _cB |
||
| 999 |
_c4070 _d4070 |
||